| 000 | 00377pab a2200145 454500 | ||
|---|---|---|---|
| 008 | 180718b1999 xxu||||| |||| 00| 0 eng d | ||
| 100 | _aSaini, Debi S. | ||
| 245 | _aHuman resources strategy and workplace pluralism | ||
| 260 | _c1999 | ||
| 300 | _ap.151-68 | ||
| 362 | _aJan-Jun | ||
| 650 | _aHuman resources development | ||
| 773 | _aManagement and Change | ||
| 909 | _a41579 | ||
| 999 |
_c41579 _d41579 |
||